|
|
|
|
| LEADER |
00000cam a2200000 7i4500 |
| 001 |
0000002539 |
| 005 |
20151222.0 |
| 008 |
070712 |
| 020 |
|
|
|a 9831513878
|
| 090 |
0 |
0 |
|a JF
|b AD MAL (2696)
|
| 100 |
0 |
|
|a Taufiq Shah
|
| 245 |
1 |
0 |
|a Gunung rahsia
|c Taufiq Shah
|
| 260 |
|
|
|a Kuala Lumpur :
|b Penerbitan Fargoes ,
|c 2002
|
| 440 |
|
0 |
|a Siri misteri
|
| 500 |
|
|
|a Children ages 7-9 years old (orange)
|
| 650 |
|
0 |
|a Adventure
|
| 650 |
|
0 |
|a Junior fiction
|x Malay
|x Languages
|
| 710 |
0 |
|
|a Title
|
| 999 |
|
|
|a 0000882212
|b Book
|c Children Collection
|e Cawangan Bandar Penawar
|
| 999 |
|
|
|a 0000882213
|b Book
|c Children Collection
|e Cawangan Taman Universiti
|
| 999 |
|
|
|a 0000882215
|b Book
|c Children Collection
|e Cawangan Segamat
|
| 999 |
|
|
|a 0000969731
|b Book
|c Children Collection
|e Cawangan Segamat
|
| 999 |
|
|
|a 0000969732
|b Book
|c Children Collection
|e Perbadanan Perpustakaan Awam Johor
|
| 999 |
|
|
|a 0000969733
|b Book
|c Children Collection
|e Cawangan Sri Merlong
|